Sports Quiz

Random Sports Quiz

English Clubs in Europe Quiz Stats

Quiz not verified by Sporcle

Challenge
Share
Tweet
Embed
Score 0/36 Timer 07:00
0 Plays Today
No. of Seasons Answer % Correct
40Manchester United
99.4%
24Chelsea
99.4%
41Liverpool
99.2%
33Arsenal
99.2%
14Newcastle United
97.5%
16Everton
97.2%
24Tottenham Hotspur
97%
17Manchester City
96.8%
15Aston Villa
95.1%
18Leeds United
92.8%
8West Ham United
92.4%
8Nottingham Forest
90.5%
1Sunderland
89%
10Southampton
88.6%
5Leicester City
88.1%
7Blackburn Rovers
86%
1Portsmouth
86%
3Fulham
83.1%
No. of Seasons Answer % Correct
5West Bromwich Albion
81.8%
2Middlesbrough
81.6%
12Ipswich Town
80.9%
5Birmingham City
80.7%
1Norwich City
80.1%
4Derby County
78.2%
1Swansea City
77.3%
3Stoke City
76.9%
3Sheffield Wednesday
76.5%
7Wolverhampton Wanderers
75.4%
2Bolton Wanderers
75%
1Wigan Athletic
74.2%
2Queens Park Rangers
67.2%
2Burnley
65.7%
1Hull City
65.7%
1Watford
63.3%
1Coventry City
56.6%
1Millwall
53.4%

You're not logged in!

Compare scores with friends on all Sporcle quizzes.
Join for Free
OR
Log In

You Might Also Like...

Show Comments

Extras

Top Quizzes Today


Score Distribution

Your Account Isn't Verified!

In order to create a playlist on Sporcle, you need to verify the email address you used during registration. Go to your Sporcle Settings to finish the process.

Report this User

Report this user for behavior that violates our Community Guidelines.

Details: